000 00595nam a2200217Ia 4500
005 20250508151142.0
008 008 250505s9999 xx 000 0 eng d
037 _aTextual
040 _aFEDL
_beng
_cFEDL
041 _aeng
_2eng
084 _a150.13, MAC
_qFEDL
100 _aMace C A Ed.
245 0 _aCurrent trends in British psychology
260 _aLondon, UK
_bMethuen and Co. Ltd.
_c1953
300 _aviii,262p.
365 _aINR
_b12
650 _aPsychology
700 _a Vernon P E Ed.
_9758558
942 _cTEXL
_h150.13, MAC
999 _c1327921
_d1327921